Keeping the peace : (Record no. 15990)
[ view plain ]
| 000 -LEADER | |
|---|---|
| fixed length control field | 01314nam a2200229 a 4500 |
| 001 - CONTROL NUMBER | |
| control field | ASIN0521581850 |
| 005 - DATE AND TIME OF LATEST TRANSACTION | |
| control field | 20170105102929.0 |
| 008 - FIXED-LENGTH DATA ELEMENTS--GENERAL INFORMATION | |
| fixed length control field | 140114s1997 xxu eng d |
| 020 ## - INTERNATIONAL STANDARD BOOK NUMBER | |
| International Standard Book Number | 0521581850 (hardcover) |
| Terms of availability | $144.00 |
| 020 ## - INTERNATIONAL STANDARD BOOK NUMBER | |
| International Standard Book Number | 9780521581851 (hardcover) |
| 040 ## - CATALOGING SOURCE | |
| Original cataloging agency | 0 |
| 082 ## - DEWEY DECIMAL CLASSIFICATION NUMBER | |
| Classification number | 341.584 |
| Author Mark | KEE 1997 |
| 245 00 - TITLE STATEMENT | |
| Title | Keeping the peace : |
| Remainder of title | multidimensional un operations in cambodia and el salvador / |
| Statement of responsibility, etc. | Michael W. Doyle, Ian Johnstone, Robert C. Orr. |
| 260 ## - PUBLICATION, DISTRIBUTION, ETC. | |
| Place of publication, distribution, etc. | [S.l.] : |
| Name of publisher, distributor, etc. | Cambridge University Press, |
| Date of publication, distribution, etc. | 1997. |
| 300 ## - PHYSICAL DESCRIPTION | |
| Extent | 448 p. ; |
| Dimensions | 23 cm. |
| 520 ## - SUMMARY, ETC. | |
| Summary, etc. | Keeping the Peace explores the new multidimensional role that the United Nations has played in peacemaking, peacekeeping and peacebuilding over the past few years. By examining the paradigm-setting cases of Cambodia and El Salvador, and drawing lessons from these UN "success stories", the book identifies more effective ways for the international community to address conflict in the post-Cold War era. This book is especially timely given its focus on multidimensional peace operations, the most likely role for the UN in coming years. |
| 700 1# - ADDED ENTRY--PERSONAL NAME | |
| Personal name | Doyle, Michael W. |
| 700 1# - ADDED ENTRY--PERSONAL NAME | |
| Personal name | Johnstone, Ian. |
| 700 1# - ADDED ENTRY--PERSONAL NAME | |
| Personal name | Orr, Robert C. |
| 856 40 - ELECTRONIC LOCATION AND ACCESS | |
| Materials specified | Amazon.com |
| Uniform Resource Identifier | <a href="http://www.amazon.com/exec/obidos/ASIN/0521581850/chopaconline-20">http://www.amazon.com/exec/obidos/ASIN/0521581850/chopaconline-20</a> |
| 942 ## - ADDED ENTRY ELEMENTS (KOHA) | |
| Source of classification or shelving scheme | |
| Koha item type | Book |
| Withdrawn status | Lost status | Damaged status | Not for loan | Collection code | Permanent Location | Current Location | Shelving location | Date acquired | Total Checkouts | Full call number | Barcode | Date last seen | Price effective from | Koha item type |
|---|---|---|---|---|---|---|---|---|---|---|---|---|---|---|
| Centre for International Peace & Stability (CIPS) | Centre for International Peace & Stability (CIPS) | General Stacks | 11/21/2013 | 341.584 KEE 1997 | CIPS0002468 | 01/15/2014 | 01/15/2014 | Book |
